logo

Bir Sreshtho Munshi Abdur Rouf Library
Jhenaidah Cadet College

Academic Vocabulary in Use / (Record no. 552)

MARC details
000 -LEADER
fixed length control field 00691nam a2200253 a 4500
001 - CONTROL NUMBER
JCCL Control Number 552
003 - CONTROL NUMBER IDENTIFIER
JCCL marc code BD-JhCC
005 - DATE AND TIME OF LATEST TRANSACTION
control field 20171007110948.0
008 - FIXED-LENGTH DATA ELEMENTS--GENERAL INFORMATION
fixed length control field 171007s2008 as a|||| ||a| 001 0 eng d
020 ## - INTERNATIONAL STANDARD BOOK NUMBER
International Standard Book Number 9780521732178
035 ## - SYSTEM CONTROL NUMBER
system control number (BD-JhCC) 552
040 ## - CATALOGING SOURCE
Original cataloging agency BD-JhCC
Modifying agency BD-JhCC
041 ## - LANGUAGE CODE
Language code of Book eng
082 ## - DEWEY DECIMAL CLASSIFICATION NUMBER
Classification number 428.24
Author mark and Year MCC 2008
100 ## - MAIN ENTRY--PERSONAL NAME
Personal name McCarthy, Michael
245 ## - TITLE STATEMENT
Title Academic Vocabulary in Use /
Statement of responsibility, etc Michael McCarthy
260 ## - PUBLICATION, DISTRIBUTION, ETC. (IMPRINT)
Place of publication, distribution, etc Cambridge New York:
Name of publisher, distributor, etc Cambridge University Press,
Date of publication, distribution, etc 2008
300 ## - PHYSICAL DESCRIPTION
Pagination 176 p.:
Dimensions 22 cm.
500 ## - GENERAL NOTE
General note Includes Index
504 ## - BIBLIOGRAPHY, ETC. NOTE
Bibliography, etc Includes Bibliography
650 ## - SUBJECT ADDED ENTRY--TOPICAL TERM
Topical term or geographic name as entry element Vocabulary
General subdivision English Language
942 ## - ADDED ENTRY ELEMENTS (KOHA)
Source of classification or shelving scheme Dewey Decimal Classification
Koha item type Books

No items available.


JCC Library | Contacts | JCC Home

Last Update on 23 September 2017
Copyright @ 2017-2020 JCC Rouf Library
Rouf Library, Jhenidah Cadet College (JCC), Bangladesh